| 000 | 00593nam a2200205 i 4500 | ||
|---|---|---|---|
| 001 | 54443 | ||
| 003 | ES-MaACL | ||
| 005 | 20230906162945.0 | ||
| 007 | t| | ||
| 008 | 031205s1908 fr ||||1| fre d | ||
| 100 | 1 |
_aBertrand, Adrien. _928515 |
|
| 245 | 1 | 0 |
_aCatulle Mendès _b: biographie critique... / _cpar Adrien Bertrand. |
| 250 | _a2e éd. | ||
| 260 |
_aParis : _bE. Sansot, _c1908. |
||
| 300 |
_a62 p. : _bretr. ; _c18 cm. |
||
| 490 | 1 | _aLes célébrités d'aujourd'hui | |
| 830 | 0 |
_aLes célébrités d'aujourd'hui _9180788 |
|
| 852 |
_aES-MaACL _jD-758(3) |
||
| 999 |
_c54443 _d54443 |
||